Lineární metody statistické indukce a jejich aplikace

Na minha lista:
Detalhes bibliográficos
Autor principal: Rao, C.R
Formato: Livro
Idioma:tcheco
Publicado em: Praha Academia 1978
Tags: Adicionar Tag
Sem tags, seja o primeiro a adicionar uma tag!

MARC

LEADER 00000nam a2200000 4500
001 c119615
005 20041019155214.6
041 0 |a cze 
044 |a CZ 
245 1 0 |a Lineární metody statistické indukce a jejich aplikace  |c C.R. Rao 
264 1 |a Praha  |b Academia  |c 1978 
300 |a 666 s. 
100 1 |a Rao, C.R.